000 00982nam0a22002651 4500
001 rc\545136
005 20250621124932.0
010 _a5-8355-0034-3
_9300
035 _a(NLR Aleph) 005781580
090 _a5118560
_c5118560
100 _a20030616d1988 |||y0rusy50 ca
101 0 _arus
102 _aRU
105 _aa |||||||||
200 1 _aВодно-ледовые ресурсы Иссык-Кульской области
_e[Сб. ст.]
_fАН КиргССР, Тянь-Шан. физ.-геогр. станция
_g[Отв. ред. А.Н. Диких]
210 _aФрунзе
_cИлим
_d1988
215 _a129, [1] с.
_cил.
_d20
320 _aБиблиогр. в конце ст.
702 1 _aДиких
_bА.Н.
_gАнатолий Никитович
_4340
712 0 2 _aТянь-Шанская физико-географическая станция
801 0 _aRU
_bNLR
_gpsbo
801 1 _aRU
_bELAR
_2rusmarc
852 _aNLR
_j88-3/4802
942 _cBOOK
980 _aNB